000 00747nam a2200289Ia 4500
003 OSt
005 20221006144332.0
006 a|||||r|||| 00| 0
007 ta
008 221006b |||||||| |||| 00| 0 eng d
020 _a0140047875
_c13.52
020 _a9780140047875
024 _a11,440
037 _cTextual
040 _aEASL
_cEASL
_beng
041 _2eng
_aeng
082 _aU8.41.N72, L8
100 _aLeys Simon
_9132836
245 0 _aChinese shadows
260 _aEngland
_bPengun Books England
_c1978
300 _a218p.
_ccm.
490 _v CEL
650 _a CEL
650 _aChina - Description and Travel
_9651662
942 _hU8.41.N72, L8
_cTEXL
_2CC
999 _c1079526
_d1079526